000 00892nac a22002657a 4500
001 BR8007088
003 BR-BrBNA
005 20240105114836.0
008 230509b bl.|||m| |||| 00| 0 por d
040 _aBR-BrBNA
_bpor
_cBiblioteca Nacional de Agricultura
072 _aE70
090 _aE70 BR8007088
110 1 _aComissao Executiva do Plano da Lavoura Cacaueira, Belem, PA (Brasil). Depto. Especial da Amazonia
_92095
245 1 _aInformacao agricola dos novos polos cacaueiros da Amazonia [preco, Brasil]
260 3 _aBelem, PA (Brasil):
_c1980.
300 _a45 p.
490 _aInformacao Agricola dos Novos Polos Cacaueiros da Amazonia (Brazil)
_vv. 3(4)
_x
500 _aNumerical data
650 _aPRECO MEDIO
650 _aPRECO PAGO
650 _aPRECO RECEBIDO
650 _aAMAZONIA
909 _a202312
_bLúcia Elande
_c55
_dLúcia Elande
942 _2AGRIS
_n0
_cMS
999 _c271613
_d271613